Statistics for Best Presidents of the United States

Click here to take the quiz!

General Stats

  • This quiz has been taken 44 times
  • The average score is 33 of 44

Answer Stats

HintAnswer% Correct
2009-2017Barack Obama
100%
1789-1797George Washington
98%
1861-1865Abraham Lincoln
95%
1901-1909Theodore Roosevelt
95%
1933-1945Franklin Roosevelt
95%
1961-1963John F. Kennedy
93%
1981-1989Ronald Reagan
90%
1801-1809Thomas Jefferson
90%
2017-2021Donald Trump
88%
1945-1953Harry Truman
88%
1953-1961Dwight Eisenhower
86%
1913-1921Woodrow Wilson
86%
1963-1969Lyndon Johnson
83%
2001-2009George W. Bush
83%
1865-1869Andrew Johnson
83%
1825-1829John Quincy Adams
81%
1993-2001Bill Clinton
81%
1821-1825James Monroe
81%
1989-1903George H. W. Bush
81%
1797-1801John Adams
79%
1974-1977Gerald Ford
79%
1829-1833Andrew Jackson
76%
1969-1974Richard Nixon
76%
1929-1933Herbert Hoover
74%
1977-1981Jimmy Carter
74%
1869-1877Ulysses Grant
71%
1841William Henry Harrison
69%
1809-1817James Madison
69%
1849-1853Zachary Taylor
69%
1885-1889/1893-1897Grover Cleveland
67%
1889-1893Benjamin Harrison
67%
1837-1841Martin van Buren
64%
1923-1929Calvin Coolidge
64%
1987-1901William McKinley
62%
1841-1845John Tyler
62%
1921-1923Warren Harding
62%
1877-1881Rutherford B. Hayes
57%
1909-1913William Taft
57%
1857-1861James Buchanan
57%
1881-1885Chester A. Arthur
55%
1881James Garfield
52%
1853-1857Franklin Pierce
52%
1850-1853Milliard Fillmore
45%
1845-1849James Polk
12%

Score Distribution

Percentile by Number Answered

Percent of People with Each Score

Your Score History

You have not taken this quiz